Essentials of Rig veda (Record no. 6764)

MARC details
000 -LEADER
fixed length control field 00850 a2200205 4500
005 - DATE AND TIME OF LATEST TRANSACTION
control field 2008090806186.0
008 - FIXED-LENGTH DATA ELEMENTS--GENERAL INFORMATION
fixed length control field 080908t xxu||||| |||| 00| 0 eng d
010 ## - LIBRARY OF CONGRESS CONTROL NUMBER
LC control number ENG-87602
020 ## - INTERNATIONAL STANDARD BOOK NUMBER
International Standard Book Number 8179940438
Terms of availability 45.00
035 ## - SYSTEM CONTROL NUMBER
System control number EN-71135
037 ## - SOURCE OF ACQUISITION
Source of stock number/acquisition DBAD / PUB
082 ## - DEWEY DECIMAL CLASSIFICATION NUMBER
Classification number 220.21
245 ## - TITLE STATEMENT
Title Essentials of Rig veda
Remainder of title with the text, translation and explanation of 62 mantras
Statement of responsibility, etc edited by R.L. Kashyap
260 ## - PUBLICATION, DISTRIBUTION, ETC. (IMPRINT)
Place of publication, distribution, etc Bangalore
Name of publisher, distributor, etc Sri Aurbindo Kapil Sastry Institute of Vedic Culture
Date of publication, distribution, etc 2005
270 ## - ADDRESS
Address 63, 13th main, 4th block East, Jayanagar
City Bangalore
300 ## - PHYSICAL DESCRIPTION
Extent ix, 79 p.
Dimensions 22 cm ( Pbk)
700 ## - ADDED ENTRY--PERSONAL NAME
Personal name Kashyap, R.L.
942 ## - ADDED ENTRY ELEMENTS (KOHA)
Institution code [OBSOLETE] dpl
Koha item type English Books
Call number prefix 220.21/ESS
Source of classification or shelving scheme Dewey Decimal Classification
Classification part 220.21
Call number suffix ESS
Holdings
Withdrawn status Lost status Damaged status Not for loan Collection code Home library Current library Date acquired Cost, normal purchase price Total Checkouts Full call number Barcode Date last seen Copy number Uniform Resource Identifier Cost, replacement price Price effective from Koha item type
      Not For Loan Non-fiction D.B.Act.Division D.B.Act.Division 08/09/2008 45.00   220.21 ESS EN-71135 15/09/2008 1 7266 45.00 15/09/2008 English Books

© Delhi Public Library
Hit Counter
free hit counter